Setinggi-tinggi terbang bangau

Bibliographic Details
Main Author: A.Ghani Abdullah
Format: Book
Published: Selangor : Maximseri Design Sdn Bhd , 2002
Series:Siri peribahasa
Subjects:

MARC

LEADER 00000cam a2200000 7i4500
001 0000055622
005 20151124.0
008 151124
020 |a 9832561213 (set) 
020 |a 9832561256 
090 0 0 |a NS   |b MAL 
100 1 |a A.Ghani Abdullah 
245 1 0 |a Setinggi-tinggi terbang bangau   |c A.Ghani Abdullah 
260 |a Selangor :   |b Maximseri Design Sdn Bhd ,   |c 2002 
490 1 |a Siri peribahasa 
650 0 |a Malay fiction 
999 |a 0000002046   |b Book   |c Children Collection   |e Cawangan Taman Universiti 
999 |a 0000002047   |b Book   |c Children Collection   |e Cawangan Taman Universiti 
999 |a 0000882657   |b Book   |c Children Collection   |e Cawangan Segamat 
999 |a 0000882659   |b Book   |c Children Collection   |e Cawangan Pontian